Population policy for Karnataka: a suggested framework (Record no. 56319)

000 -LEADER
fixed length control field 00472pab a2200181 454500
008 - FIXED-LENGTH DATA ELEMENTS--GENERAL INFORMATION
fixed length control field 180718b2003 xxu||||| |||| 00| 0 eng d
100 ## - MAIN ENTRY--PERSONAL NAME
Personal name Rayappa, P.H.
245 ## - TITLE STATEMENT
Title Population policy for Karnataka: a suggested framework
260 ## - PUBLICATION, DISTRIBUTION, ETC.
Date of publication, distribution, etc. 2003
300 ## - PHYSICAL DESCRIPTION
Extent p.55-74.
362 ## - DATES OF PUBLICATION AND/OR SEQUENTIAL DESIGNATION
Dates of publication and/or sequential designation Mar
650 ## - SUBJECT ADDED ENTRY--TOPICAL TERM
Topical term or geographic name entry element Karnataka - Population
650 ## - SUBJECT ADDED ENTRY--TOPICAL TERM
Topical term or geographic name entry element Population policy
700 ## - ADDED ENTRY--PERSONAL NAME
Personal name Reddy, M. Ramakrishna
700 ## - ADDED ENTRY--PERSONAL NAME
Personal name Sekhar, T.V.
773 ## - HOST ITEM ENTRY
Main entry heading Man and Development
909 ## -
-- 56319
Holdings
Withdrawn status Lost status Damaged status Not for loan Permanent Location Current Location Date acquired Serial Enumeration / chronology Barcode Date last seen Price effective from Koha item type
        Indian Institute of Public Administration Indian Institute of Public Administration 2018-07-19 Volume no: 25, Issue no: 1 AR56764 2018-07-19 2018-07-19 Articles

Powered by Koha